000
00263nam a22001217a 4500
008
180226b xxu||||| |||| 00| 0 eng d
041
_a
eng
080
_a
615
100
_a
5
101
_a
FAR
245
_a
Handbook of cardiac drugs
_c
Purdy,R.E
942
_2
udc
_c
BK
999
_c
43507
_d
43507